000
00283nam a22001337a 4500
008
170210b xxu||||| |||| 00| 0 eng d
020
_a
9781416025306
041
_a
eng
080
_2
3RD
_a
61
100
_a
4
101
_a
SHM
245
_a
EPIDEMIOLOGYY
_c
GORDIS, L
942
_2
udc
_c
BK
999
_c
5176
_d
5176